Catálogo
 En Linea

Mae Beata de Yemonjá : (Registro nro. 35115)

Detalles MARC
000 -CABECERA
campo de control de longitud fija 00608nam a2200181 a 4500
001 - NÚMERO DE CONTROL
campo de control 000035624
005 - FECHA Y HORA DE LA ÚLTIMA TRANSACCIÓN
campo de control 20200930074500.0
008 - DATOS DE LONGITUD FIJA--INFORMACIÓN GENERAL
campo de control de longitud fija 111105s2010 bl a 000 0 spa d
020 ## - NÚMERO INTERNACIONAL ESTÁNDAR DEL LIBRO
Número Internacional Estándar del Libro 9788576172031
040 ## - FUENTE DE LA CATALOGACIÓN
Centro catalogador/agencia de origen DO-SdBNP
Lengua de catalogación spa
Centro/agencia transcriptor BNPHU
082 ## - NÚMERO DE LA CLASIFICACIÓN DECIMAL DEWEY
Número de clasificación xxxx
100 1# - ENTRADA PRINCIPAL--NOMBRE DE PERSONA
Nombre de persona Costa, Haroldo
9 (RLIN) 61531
245 10 - MENCIÓN DE TÍTULO
Título Mae Beata de Yemonjá :
Resto del título guia, cidada, guerreira /
Mención de responsabilidad, etc. Haroldo Costa.
260 ## - PUBLICACIÓN, DISTRIBUCIÓN, ETC.
Lugar de publicación, distribución, etc. Rio de Janeiro, Brasil :
Nombre del editor, distribuidor, etc. Ministério da Cultura, Fundação Biblioteca Nacional :
-- Garamond,
Fecha de publicación, distribución, etc. 2010.
300 ## - DESCRIPCIÓN FÍSICA
Extensión 169 p. :
Otras características físicas il. ;
Dimensiones 21 cm.
490 1# - MENCIÓN DE SERIE
Mención de serie Personalidades negras
830 #0 - PUNTO DE ACCESO ADICIONAL DE SERIE-TÍTULO UNIFORME
Título uniforme Personalidades negras
9 (RLIN) 59292
Existencias
Estado de retiro Estado de pérdida Restricciones de uso No para préstamo Código de colección Localización permanente Ubicación/localización actual Ubicación en estantería Fecha de adquisición Número de inventario Total de préstamos Signatura topográfica completa Código de barras Fecha visto por última vez Precio válido a partir de Tipo de ítem Koha
        Monografías: Libros y Folletos General General Orden iniciada 05.11.2011 LF1   xxxx 35624-10 25.06.2020 25.06.2020 No se presta

Con tecnología Koha